000
00301nam a2200109Ia 4500
008
200302s9999 xx 000 0 und d
100
_a
Sergi Costa Duran & Other
245
_a
The Sourcebook of Contemporary Green Architecture
260
_b
Collins Design Publishing
260
_c
2010
300
_a
599 P.,
999
_c
2961
_d
2961